| 000 | 00828cab a2200229 4500 | ||
|---|---|---|---|
| 001 | W11350 | ||
| 008 | 090401t1995 xxu||||| |||| 00| 0 eng d | ||
| 035 | _a(Sirsi) u46483 | ||
| 041 | _aeng | ||
| 245 | _aRecruitment online | ||
| 260 | _c1995 | ||
| 350 | _a0 | ||
| 490 |
_aIndependent _v31 August 1995, 20(1) |
||
| 520 | _aA new recruitment database, `peoplebank` has been launched on the Internet. The database is being built up from recruitment consultants, universities and over 120 job centres in the south-east and candidates can send their CVs directly to it via the Internet. | ||
| 650 | _aCURRICULUM VITAE | ||
| 650 | _aEMPLOYMENT NETWORK | ||
| 650 | _aJOB SEEKERS | ||
| 650 | _aRECRUITMENT DATABASES | ||
| 690 | _aMANAGEMENT-BUSINESS MANAGEMENT-INFORMATION MANAGEMENT | ||
| 942 | _n0 | ||
| 948 | _c04/03/1997 | ||
| 999 |
_c29414 _d29414 |
||